Reklamné listy O reklame, médiách a komunikácii
Rubriky prílohy: Názory, Anatómia kampaní, Dodávatelia pre reklamu, Ľudia reklamy, Firmy a ich komunikácia, Trh médií, Reklama a šport, Kreatívne riešenia, Prieskumy, Polemika, Kalendár veľtrhov a výstav.
Salvato in:
| Natura: | Capitolo di libro |
|---|---|
| Lingua: | slovacco |
| Soggetti: | |
| Tags: |
Nessun Tag, puoi essere il primo ad aggiungerne!!
|
MARC
| LEADER | 00000naa a2200000 4500 | ||
|---|---|---|---|
| 001 | r020256 | ||
| 005 | 20230921074306.5 | ||
| 041 | 0 | |a slo | |
| 044 | |a SK | ||
| 245 | 1 | 0 | |a Reklamné listy |b O reklame, médiách a komunikácii |
| 520 | |a Rubriky prílohy: Názory, Anatómia kampaní, Dodávatelia pre reklamu, Ľudia reklamy, Firmy a ich komunikácia, Trh médií, Reklama a šport, Kreatívne riešenia, Prieskumy, Polemika, Kalendár veľtrhov a výstav. | ||
| 610 | 2 | 0 | |a Slovensko |
| 610 | 2 | 0 | |a reklama |
| 610 | 2 | 0 | |a komunikácia masová |
| 610 | 2 | 0 | |a tvorba reklamy |
| 610 | 2 | 0 | |a podnik |
| 610 | 2 | 0 | |a trh vnútorný |
| 610 | 2 | 0 | |a telovýchova |